| 000 | 01584nam a2200349 4500 | ||
|---|---|---|---|
| 001 | 0000023706 | ||
| 003 | CO-CtgCURN | ||
| 005 | 20260317135011.0 | ||
| 007 | ta | ||
| 008 | 160627s2012 000 0 eng d | ||
| 020 | _a9789586539944 | ||
| 040 |
_aCO-CtgCURN _bspa _ccoctgcurn |
||
| 082 | 0 |
_a342.861 _bC718co |
|
| 110 | 2 | _aColombia. | |
| 245 | 1 | 0 | _aConstitucion política de Colombia. |
| 250 | _a28a ed. | ||
| 260 |
_aBogotá : _bLegis, _c2012. |
||
| 300 | _a734 p. | ||
| 336 | _2rdacontent | ||
| 337 |
_2rdamedia _asin mediacion _bn |
||
| 338 |
_2rdacarrier _avolumen _bnc |
||
| 490 | 1 | _aCódigos basicos | |
| 500 | _aContiene indice alfabetico y general. | ||
| 505 | 8 | _aConstitucion política de Colombia 1991.--Los derechos, las garantias y los deberes.--De los habitantes y del territorio.--De la participacion democratica y d elos partidos politicos.--De la organizacion del estado.--De la rama legislativa.--De la rama ejecutiva.--De la rama judicial.--De las elecciones y de la organizacion electoral.--De los organismos de control.--De la organizacion territorial.--Del regimen economico y de la hacienda publica.--Disposiciones transitorias.--Suplemento | |
| 590 | _aComportamiento humano I (Medicina) | ||
| 590 | _aConstitución política y seguridad social (Medicina) | ||
| 650 | 1 | 4 |
_aDerecho constitucional _vLegislacion _zColombia. |
| 908 | _a160627 | ||
| 942 |
_cBK _h342.861 _iC718co _2ddc |
||
| 999 |
_c19169 _d19169 |
||